An introduction to discrete mathematics / (Record no. 38802)

MARC details
000 -LEADER
fixed length control field 00787nam a22002177a 4500
005 - DATE AND TIME OF LATEST TRANSACTION
control field 20100802163025.0
010 ## - LCCN (DPL NO)
LC control number ENG-97652
020 ## - INTERNATIONAL STANDARD BOOK NUMBER
International Standard Book Number 9788190754880
Terms of availability 65.00
020 ## - INTERNATIONAL STANDARD BOOK NUMBER
International Standard Book Number 8190754882
Terms of availability 65.00
035 ## - SYSTEM CONTROL NUMBER
System control number EN-81155
037 ## - SOURCE OF ACQUISITION
Source of stock number/acquisition DBAD/PUB
082 ## - DEWEY DECIMAL CLASSIFICATION NUMBER
Classification number 511.3
100 ## - MAIN ENTRY--PERSONAL NAME
Personal name Kannan, S.
245 ## - TITLE STATEMENT
Title An introduction to discrete mathematics /
Statement of responsibility, etc by S. Kannan
260 ## - PUBLICATION, DISTRIBUTION, ETC. (IMPRINT)
Place of publication, distribution, etc Tirunchirappalli
Name of publisher, distributor, etc R.J.Publishing House
Date of publication, distribution, etc 2008
270 ## - ADDRESS
Address 169, Darul Hikma, J. K. Nagar , Khajamalai
City Tirunchirappalli
Postal code 620023
300 5# - PHYSICAL DESCRIPTION
Extent 57p.
Dimensions 21cm (pbk)
500 ## - GENERAL NOTE
General note Includes bibliographical refrences
942 ## - ADDED ENTRY ELEMENTS (KOHA)
Source of classification or shelving scheme Dewey Decimal Classification
Item type English Books
Classification part 511.3
Call number suffix KAN
Holdings
Withdrawn status Lost status Not for loan Collection code Home library Current library Date acquired Source of acquisition Cost, normal purchase price Full call number Barcode Copy number Cost, replacement price Koha item type
    Not For Loan Non-fiction D.B.Act.Division D.B.Act.Division 02/08/2010 DBAD/PUB 65.00 511.3 KAN EN-81185 1 65.00 English Books

© Delhi Public Library
Hit Counter
free hit counter